[Event "Køge Bugt Forår 2010"]
[Site "Solrød Skakklub"]
[Date "2010.05.05"]
[Round "4.1"]
[White "Hansen, Erik Levin"]
[Black "Nielsen, Steen"]
[Result "1-0"]
[WhiteElo "1617"]
[BlackElo "1400"]
[PlyCount "79"]
[EventDate "2010.??.??"]
[WhiteTeam "Haslev Skakklub"]
[BlackTeam "Solrød Skakklub"]

1. e4 c6 2. Nc3 d5 3. Nf3 e6 4. d4 Nd7 5. exd5 cxd5 6. Bd3 Ngf6 7. O-O a6 8.
Qe2 Be7 9. h3 Qb6 10. a4 O-O 11. a5 Qc7 12. Bg5 Re8 13. Nd1 Bb4 14. Bd2 Bd6 15.
Be3 e5 16. dxe5 Nxe5 17. Bb6 Nxf3+ 18. Qxf3 Qc6 19. Ne3 Ne4 20. Rfd1 Be6 21. c4
Bc5 22. cxd5 Bxd5 23. Nxd5 Nxf2 24. Bxc5 Nxd1 25. Rxd1 Qxc5+ 26. Kh1 Qxa5 27.
b4 Qd8 28. Qf5 Qh4 29. g3 Qh6 30. Nf4 Rad8 31. Rf1 Re7 32. Kh2 g6 33. Qf6 Rde8
34. Bc4 Qg7 35. Qg5 Qb2+ 36. Ng2 Qxb4 37. Qf4 Rf8 38. Bxf7+ Rexf7 39. Qxb4 Kh8
40. Qxf8+ 1-0

[Event "Køge Bugt Forår 2010"]
[Site "Solrød Skakklub"]
[Date "2010.05.05"]
[Round "4.2"]
[White "Krogh, Peter Ove"]
[Black "Kristensen, Benny"]
[Result "1-0"]
[WhiteElo "1764"]
[BlackElo "1556"]
[PlyCount "95"]
[EventDate "2010.??.??"]
[WhiteTeam "Køge Skakklub"]
[BlackTeam "Skovbo Skakklub"]

1. c4 c5 2. g3 Nc6 3. Bg2 g6 4. e3 Bg7 5. Ne2 e6 6. O-O Nge7 7. d4 cxd4 8. exd4
d5 9. c5 Nf5 10. Be3 O-O 11. Nbc3 Nxe3 12. fxe3 a6 13. Qd2 f5 14. Rab1 Bd7 15.
b4 Na7 16. a4 b5 17. a5 Nc6 18. Nf4 Ne7 19. Nce2 Nc6 20. Nd3 Ra7 21. Rbc1 Bc8
22. h4 Qe8 23. Kf2 h6 24. Rh1 Kf7 25. Ng1 Ke7 26. Nf3 Rh8 27. Ke2 Rd7 28. Qc3
Rc7 29. Kd2 Bb7 30. Kc2 Kd8 31. Kb3 Qd7 32. Rh2 Kc8 33. Bh3 Rf8 34. Rf1 Qe7 35.
g4 Kb8 36. Nf4 Qe8 37. gxf5 gxf5 38. Rg2 Rc8 39. Rfg1 Bf6 40. Rg6 Rd8 41. Rxh6
e5 42. dxe5 Nxe5 43. Rxf6 Nxf3 44. Rxf8 Qxf8 45. Ne6 Qh6 46. Nxd8 Nxg1 47. Qe5+
Ka8 48. Qe7 1-0

[Event "Køge Bugt Forår 2010"]
[Site "Solrød Skakklub"]
[Date "2010.05.05"]
[Round "4.3"]
[White "Christensen, Verner"]
[Black "Larsen, Poul M"]
[Result "1-0"]
[WhiteElo "1888"]
[BlackElo "1358"]
[PlyCount "125"]
[EventDate "2010.??.??"]
[WhiteTeam "Solrød Skakklub"]
[BlackTeam "Haslev Skakklub"]

1. e4 c6 2. Nf3 d5 3. Nc3 Bg4 4. h3 Bxf3 5. Qxf3 d4 6. Nb1 e5 7. Bc4 Nf6 8. O-O
Be7 9. d3 O-O 10. Bg5 Nbd7 11. Nd2 b5 12. Bb3 Nc5 13. Qe2 Nfd7 14. Bxe7 Qxe7
15. f4 Nxb3 16. axb3 exf4 17. Rxf4 c5 18. Qg4 Ne5 19. Qg3 Ng6 20. Rf5 Rae8 21.
Nf3 f6 22. h4 Ne5 23. h5 Nxf3+ 24. gxf3 Rf7 25. Kf2 Kf8 26. Ra6 Qc7 27. Qxc7
Rxc7 28. h6 Re5 29. hxg7+ Kxg7 30. Rxe5 fxe5 31. Re6 c4 32. bxc4 bxc4 33. Ke2
Rc5 34. dxc4 a5 35. b3 h5 36. Rd6 a4 37. Ra6 axb3 38. cxb3 h4 39. Kd3 h3 40.
Ra2 Rc6 41. Rh2 Rh6 42. c5 Kf6 43. c6 Kg5 44. c7 Rc6 45. Rc2 Rxc2 46. Kxc2 h2
47. c8=Q h1=Q 48. Qg4+ Kh6 49. Qe6+ Kh7 50. Qxe5 Qg2+ 51. Kb1 Qf1+ 52. Kb2 Qe2+
53. Ka3 Qa6+ 54. Kb4 Qb7+ 55. Kc4 Qa6+ 56. Kxd4 Qa1+ 57. Kd5 Qa5+ 58. Ke6 Qb6+
59. Kf5 Qg6+ 60. Kf4 Qg2 61. Qe7+ Kh6 62. Qh4+ Kg6 63. Qg4+ 1-0

[Event "Køge Bugt Forår 2010"]
[Site "Solrød Skakklub"]
[Date "2010.05.05"]
[Round "4.4"]
[White "Forsmann, Henning"]
[Black "Nielsen, Kai Gylling"]
[Result "1/2-1/2"]
[WhiteElo "1624"]
[BlackElo "1725"]
[PlyCount "124"]
[EventDate "2010.??.??"]
[WhiteTeam "Solrød Skakklub"]
[BlackTeam "Roskilde Skakklub"]

1. c4 e5 2. Nc3 Nf6 3. Nf3 Nc6 4. e3 d5 5. cxd5 Nxd5 6. Bb5 Bg4 7. Bxc6+ bxc6
8. Qa4 Nb4 9. Nxe5 Bd7 10. O-O Bd6 11. Nxd7 Qxd7 12. a3 Nd3 13. Qe4+ Kf8 14. f4
Nc5 15. Qc4 h5 16. b4 Ne6 17. Bb2 h4 18. Rf2 Rh5 19. f5 Nd8 20. Raf1 h3 21.
gxh3 Rg5+ 22. Kh1 f6 23. h4 Rh5 24. Qg4 Rh6 25. Rg1 a5 26. Rfg2 axb4 27. axb4
Rb8 28. Qxg7+ Qxg7 29. Rxg7 Rxb4 30. Rg8+ Ke7 31. Ba3 Rbxh4 32. Bxd6+ cxd6 33.
R1g2 d5 34. Ne2 Nf7 35. Nf4 Kd6 36. R8g6 Ke5 37. Rg7 Nh8 38. Ng6+ Nxg6 39. fxg6
Kf5 40. Rg8 Rg4 41. Rxg4 Kxg4 42. Rc8 Rxg6 43. Rxc6 Kf5 44. Rd6 Ke5 45. Rd8 Ke4
46. h3 Rg3 47. Kh2 Rg5 48. h4 Rf5 49. Kg3 Rf3+ 50. Kg2 Rf5 51. Kg3 Kd3 52. Kg4
Re5 53. h5 Rg5+ 54. Kh4 Kxd2 55. Rd6 Kxe3 56. Rxf6 Rg1 57. h6 d4 58. Kh5 d3 59.
h7 d2 60. Rd6 d1=Q+ 61. Rxd1 Rxd1 62. Kg6 Rh1 1/2-1/2

[Event "Køge Bugt Forår 2010"]
[Site "Solrød Skakklub"]
[Date "2010.05.05"]
[Round "4.5"]
[White "Larsen, Bo Heine"]
[Black "Jensen, Kaj T"]
[Result "1-0"]
[WhiteElo "1649"]
[BlackElo "1020"]
[PlyCount "74"]
[EventDate "2010.??.??"]
[WhiteTeam "Haslev Skakklub"]
[BlackTeam "Haslev Skakklub"]

1. e4 e6 2. Nf3 d6 3. g3 e5 4. Bg2 c5 5. O-O Nc6 6. d3 Nf6 7. Nc3 a6 8. h3 b5
9. Ne2 Be7 10. Nh2 h6 11. f4 Qb6 12. Kh1 Bd7 13. Be3 O-O 14. a3 g5 15. fxe5
dxe5 16. b4 Nd4 17. c3 Nxe2 18. Qxe2 g4 19. h4 Rad8 20. a4 Nh5 21. Qe1 f5 22.
exf5 Bc6 23. Be4 Nf6 24. Bg1 Qb7 25. Bxc5 Bxc5 26. bxc5 Nxe4 27. dxe4 Bxe4+ 28.
Kg1 h5 29. axb5 axb5 30. Qe3 Qc6 31. Rae1 Bd5 32. Rf2 e4 33. Nf1 Rfe8 34. Qd4
Rf8 35. Ne3 Rfe8 36. f6 Qe6 37. Nxd5 Qxd5 1-0

[Event "Køge Bugt Forår 2010"]
[Site "Solrød Skakklub"]
[Date "2010.05.05"]
[Round "4.6"]
[White "Sørensen, Aron Frank"]
[Black "Orup, Kim Amdi"]
[Result "1-0"]
[WhiteElo "1629"]
[BlackElo "1492"]
[PlyCount "128"]
[EventDate "2010.??.??"]
[WhiteTeam "Solrød Skakklub"]
[BlackTeam "Køge Skakklub"]

1. d4 f5 2. c4 Nf6 3. Nc3 d6 4. g3 e6 5. Bg2 Be7 6. Nf3 h6 7. O-O O-O 8. Nh4
Nh7 9. Ng6 Rf6 10. Nxe7+ Qxe7 11. e4 c6 12. exf5 exf5 13. d5 c5 14. Re1 Qf8 15.
Nb5 Na6 16. Bf4 Bd7 17. Re6 Bxb5 18. Bxd6 Qc8 19. cxb5 Nc7 20. Rxf6 Nxf6 21.
Bxc7 Qxc7 22. d6 Qd7 23. Qb3+ Kf8 24. Rd1 Rd8 25. b6 a6 26. Qe3 Ne8 27. Qe7+
Kg8 28. Bxb7 Qxe7 29. Bd5+ Kf8 30. dxe7+ Kxe7 31. Re1+ Kd6 32. Bc4 a5 33. Re6+
Kd7 34. f4 Nd6 35. Bd5 Rb8 36. b7 Nxb7 37. Rg6 Nd8 38. Rxg7+ Kd6 39. Bb3 c4 40.
Bxc4 Rxb2 41. Rg6+ Kc5 42. Bg8 Rb4 43. Rxh6 Rb7 44. Bb3 Nc6 45. Kf2 Nd4 46. Bd1
Re7 47. Rh8 Rb7 48. Rc8+ Kd6 49. Ke3 Ne6 50. Bb3 Nc5 51. Rd8+ Ke7 52. Rd5 Nxb3
53. axb3 Rxb3+ 54. Kd4 Rb2 55. Rxa5 Rxh2 56. Rxf5 Ke6 57. Re5+ Kf6 58. Ke3 Rb2
59. Kf3 Rb3+ 60. Kg4 Rb8 61. Rc5 Rg8+ 62. Kh4 Rb8 63. g4 Rh8+ 64. Kg3 Rb8 1-0

[Event "Køge Bugt Forår 2010"]
[Site "Solrød Skakklub"]
[Date "2010.05.05"]
[Round "4.7"]
[White "Krag-Jacobsen, Alan"]
[Black "Jørgensen, Leif"]
[Result "0-1"]
[WhiteElo "1421"]
[BlackElo "1454"]
[PlyCount "88"]
[EventDate "2010.??.??"]
[WhiteTeam "Solrød Skakklub"]
[BlackTeam "Solrød Skakklub"]

1. e4 e5 2. Nf3 Nc6 3. Bb5 Nf6 4. O-O Ne7 5. Nxe5 c6 6. Bc4 d5 7. exd5 cxd5 8.
Bb3 Nc6 9. d4 Be6 10. c3 Qc7 11. Bf4 Bd6 12. Re1 O-O-O 13. Bc2 h6 14. Nd2 Rdg8
15. Qf3 g5 16. Bxg5 Rxg5 17. Qxf6 Rhg8 18. g3 Nxe5 19. dxe5 Bxe5 20. Qxh6 Bxg3
21. hxg3 Rxg3+ 22. Kf1 Rg1+ 23. Ke2 Bg4+ 24. f3 Re8+ 25. Kd3 Bf5+ 26. Ne4 dxe4+
27. fxe4 Rg3+ 28. Re3 Bxe4+ 29. Ke2 Qc4+ 30. Kf2 Rg2+ 31. Ke1 Rg1+ 32. Kf2 Rg2+
33. Ke1 Rxc2 34. Qh3+ Qe6 35. Qh5 Rg8 36. Qc5+ Qc6 37. Qxc6+ Bxc6 38. Kd1 Rxb2
39. Kc1 Rh2 40. Re1 Rgg2 41. a4 Rc2+ 42. Kb1 Rb2+ 43. Kc1 Rhc2+ 44. Kd1 Bf3+
0-1

[Event "Køge Bugt Forår 2010"]
[Site "Solrød Skakklub"]
[Date "2010.05.12"]
[Round "5.2"]
[White "Nielsen, Kai Gylling"]
[Black "Christensen, Verner"]
[Result "0-1"]
[WhiteElo "1725"]
[BlackElo "1888"]
[PlyCount "120"]
[EventDate "2010.??.??"]
[WhiteTeam "Roskilde Skakklub"]
[BlackTeam "Solrød Skakklub"]

1. d4 d5 2. Nf3 g6 3. g3 Bg7 4. Bg2 c6 5. O-O Nf6 6. Nbd2 O-O 7. c4 e6 8. Rb1
Nbd7 9. b3 Ne8 10. Ba3 c5 11. dxc5 Qa5 12. Qc1 Rb8 13. c6 bxc6 14. Bxf8 Kxf8
15. Qc2 Ba6 16. Rfc1 Rc8 17. b4 Qd8 18. Qa4 Bxc4 19. Nxc4 dxc4 20. Qc2 c3 21.
e3 c5 22. b5 Nb6 23. Rd1 Qe7 24. a4 Nd5 25. Ne1 Nb4 26. Qe2 Nc7 27. Bc6 Ncd5
28. e4 c2 29. exd5 cxd1=Q 30. Rxd1 exd5 31. Qxe7+ Kxe7 32. Bxd5 Nxd5 33. Rxd5
Bd4 34. Nd3 f6 35. h4 h6 36. Kf1 g5 37. hxg5 hxg5 38. g4 Ke6 39. Rf5 c4 40. Nb4
c3 41. Nc2 Be5 42. Ke2 Rc4 43. a5 Rxg4 44. Rf3 Ra4 45. a6 Ra5 46. Re3 Kd6 47.
Rd3+ Kc5 48. Rd7 Kxb5 49. Rxa7 Rxa6 50. Rb7+ Rb6 51. Rd7 Rd6 52. Na3+ Kb4 53.
Rxd6 Bxd6 54. Nc2+ Kb3 55. Kd3 Be5 56. f3 Kb2 57. Ne3 Kc1 58. Nc2 Kd1 59. Ne3+
Ke1 60. Ng4 Kf1 0-1

[Event "Køge Bugt Forår 2010"]
[Site "Solrød Skakklub"]
[Date "2010.05.12"]
[Round "5.3"]
[White "Larsen, Bo Heine"]
[Black "Meyer, Johannes S. August "]
[Result "0-1"]
[WhiteElo "1649"]
[BlackElo "1492"]
[PlyCount "84"]
[EventDate "2010.??.??"]
[WhiteTeam "Haslev Skakklub"]
[BlackTeam "Solrød Skakklub"]

1. e4 c6 2. Ne2 d5 3. e5 Bg4 4. h3 Bh5 5. g4 Bg6 6. Ng3 e6 7. d4 Nd7 8. Bd3 c5
9. c3 cxd4 10. cxd4 Qb6 11. Bxg6 hxg6 12. Nc3 Rc8 13. Qd3 Ne7 14. Rb1 Nc6 15.
Nge2 Nb4 16. Qd2 Qa6 17. a3 Nd3+ 18. Kf1 Nb6 19. Kg2 Be7 20. Nf4 Nxc1 21. Rbxc1
Bg5 22. Nce2 Rxc1 23. Rxc1 Nc4 24. Qb4 Be7 25. Qb3 Qb6 26. Qa4+ Kd8 27. b4 Qa6
28. Qxa6 bxa6 29. Rc3 Kd7 30. Nd3 Kc6 31. Nb2 Kb5 32. Nxc4 dxc4 33. Ng3 Rd8 34.
Ne2 Rd7 35. Rf3 Bd8 36. Nc3+ Kc6 37. Ne2 Bb6 38. g5 Bxd4 39. Nxd4+ Rxd4 40.
Rxf7 c3 41. Rf8 Kc7 42. Rf7+ Kb6 0-1

[Event "Køge Bugt Forår 2010"]
[Site "Solrød Skakklub"]
[Date "2010.05.12"]
[Round "5.4"]
[White "Wieland, Carsten"]
[Black "Forsmann, Henning"]
[Result "0-1"]
[WhiteElo "1194"]
[BlackElo "1624"]
[PlyCount "134"]
[EventDate "2010.??.??"]
[WhiteTeam "Solrød Skakklub"]
[BlackTeam "Solrød Skakklub"]

1. d4 Nf6 2. c4 e6 3. Nf3 d5 4. e3 Bb4+ 5. Bd2 Be7 6. Nc3 O-O 7. cxd5 exd5 8.
Bd3 c6 9. Qc2 h6 10. O-O Be6 11. Qc1 Re8 12. e4 Bf8 13. e5 Nfd7 14. a3 c5 15.
Nb5 cxd4 16. Nd6 Bxd6 17. exd6 Qf6 18. Qc7 Na6 19. Bxa6 bxa6 20. Qc1 Rac8 21.
Qd1 Bg4 22. Bb4 a5 23. Bxa5 Qxd6 24. Qxd4 Bxf3 25. gxf3 Ne5 26. Qd1 Qg6+ 27.
Kh1 Qc6 28. Bc3 Rcd8 29. Qd4 f6 30. Kg2 Ng6 31. Rac1 Rd7 32. b4 Re5 33. Bd2 Qe6
34. Rc8+ Kh7 35. Ra8 Rh5 36. Qg4 Qe5 37. f4 Qf5 38. Qxf5 Rxf5 39. Kg3 d4 40.
Rc1 Ne7 41. Rd1 Rfd5 42. a4 Kg6 43. Kf3 Kf5 44. Rb8 d3 45. b5 Rd4 46. a5 Nd5
47. b6 axb6 48. axb6 Nxf4 49. Bxf4 Rxf4+ 50. Ke3 Re4+ 51. Kf3 d2 52. b7 Rd3+
53. Kg2 Rb4 54. Kf1 Rd7 55. Ke2 Rb2 56. h3 Kf4 57. f3 Kg3 58. Ke3 Kxh3 59. Ke2
Kg2 60. Ke3 Rbxb7 61. Rxb7 Rxb7 62. Rxd2+ Kg3 63. Rd4 Re7+ 64. Re4 Rxe4+ 65.
Kxe4 h5 66. f4 h4 67. Kf5 h3 0-1

[Event "Køge Bugt Forår 2010"]
[Site "Solrød Skakklub"]
[Date "2010.05.12"]
[Round "5.5"]
[White "Jørgensen, Leif"]
[Black "Orup, Kim Amdi"]
[Result "0-1"]
[WhiteElo "1454"]
[BlackElo "1492"]
[PlyCount "152"]
[EventDate "2010.??.??"]
[WhiteTeam "Solrød Skakklub"]
[BlackTeam "Køge Skakklub"]

1. d4 f5 2. c4 Nf6 3. Nc3 e6 4. a3 h6 5. Nf3 d6 6. Bf4 g5 7. Bc1 Be7 8. Nd2
Nbd7 9. e4 b6 10. Bd3 e5 11. d5 f4 12. b4 Nf8 13. Bb2 Bd7 14. b5 Ng6 15. Be2 h5
16. g3 g4 17. Qc2 f3 18. Bf1 h4 19. O-O-O hxg3 20. fxg3 Nh5 21. Rg1 Bg5 22. Kb1
Be3 23. Bd3 Bxg1 24. Rxg1 Qg5 25. Nf1 Qf6 26. Nd1 O-O-O 27. Nf2 Ng7 28. a4 Kb8
29. a5 Rc8 30. Qa4 Qd8 31. a6 Qe7 32. Qc2 Ne8 33. Qd1 Nf6 34. Qd2 Rh5 35. Rh1
Rch8 36. Nd1 Nh7 37. Nde3 Rf8 38. Nd1 Ng5 39. Nf2 Nh3 40. Bc2 Qg5 41. Qxg5 Nxg5
42. Bc1 Nh3 43. Be3 Nxf2 44. Bxf2 Rfh8 45. Kc1 Kc8 46. Kd1 Kd8 47. Ke1 Ke7 48.
Be3 Be8 49. Kf2 Nf8 50. Bd1 Nd7 51. Kg1 Nc5 52. Bc2 Bg6 53. Nd2 Rf8 54. Bf2 Nd7
55. Be3 Nf6 56. Bf2 Rfh8 57. Be3 Kf7 58. Bf2 R5h7 59. Be3 Nh5 60. Nf1 Kf6 61.
Bf2 Rc8 62. Bd3 Ke7 63. Nd2 Rch8 64. Nf1 Kd7 65. Nd2 Nf6 66. Be3 Rf7 67. Bf2
Rhf8 68. Bc2 Nh7 69. h3 gxh3 70. Rxh3 Ng5 71. Rh6 Rf6 72. Be3 Nf7 73. Rh2 Ke8
74. Bd1 f2+ 75. Bxf2 Ng5 76. Bc2 Rxf2 0-1

[Event "Køge Bugt Forår 2010"]
[Site "Solrød Skakklub"]
[Date "2010.05.19"]
[Round "6.1"]
[White "Orup, Kim Amdi"]
[Black "Krogh, Peter Ove"]
[Result "0-1"]
[WhiteElo "1492"]
[BlackElo "1764"]
[PlyCount "130"]
[EventDate "2010.??.??"]
[WhiteTeam "Køge Skakklub"]
[BlackTeam "Køge Skakklub"]

1. e4 c5 2. f4 e6 3. Nf3 Nc6 4. Bb5 Nge7 5. Bxc6 Nxc6 6. c3 d5 7. d3 dxe4 8.
dxe4 Qxd1+ 9. Kxd1 Be7 10. Be3 b6 11. Nbd2 Bb7 12. Ke2 O-O 13. Rad1 h6 14. Kf2
Rad8 15. Nc4 f6 16. Rhg1 b5 17. Ncd2 g5 18. g3 g4 19. Nh4 Kf7 20. f5 h5 21. Ng6
Rfe8 22. Nb3 c4 23. Nd4 Nxd4 24. Bxd4 Bxe4 25. Nxe7 Rxe7 26. fxe6+ Kxe6 27. Bc5
Red7 28. Rxd7 Rxd7 29. Bd4 a5 30. Ke3 f5 31. Kf4 b4 32. Re1 a4 33. Re2 a3 34.
bxa3 bxc3 35. Bxc3 Rd3 36. Re3 Rd7 37. Kg5 Kd5 38. Bb4 Kd4 39. Kf4 Bd3 40. Re1
c3 41. Rc1 c2 42. Kg5 Ke3 43. a4 Be4 44. a5 Rd1 45. Ba3 Kd2 46. Rxc2+ Kxc2 47.
Kxh5 Ra1 48. Bb4 Rxa2 49. Kg5 Kb3 50. Bd6 Kc4 51. Bf4 Kb5 52. Kf6 Rxh2 53. Ke5
Kxa5 54. Kd4 Kb5 55. Ke3 Kc4 56. Bd6 Rh6 57. Bf4 Rb6 58. Kf2 Kd3 59. Ke1 Rb2
60. Kf1 Ra2 61. Kg1 Bc6 62. Kf1 Ke4 63. Ke1 Kf3 64. Kd1 Rg2 65. Ke1 Bb5 0-1

[Event "Køge Bugt Forår 2010"]
[Site "Solrød Skakklub"]
[Date "2010.05.19"]
[Round "6.2"]
[White "Meyer, Johannes S. August "]
[Black "Christensen, Verner"]
[Result "1-0"]
[WhiteElo "1492"]
[BlackElo "1888"]
[PlyCount "61"]
[EventDate "2010.??.??"]
[WhiteTeam "Solrød Skakklub"]
[BlackTeam "Solrød Skakklub"]

1. g3 d5 2. Bg2 e5 3. Nf3 e4 4. Nd4 Bc5 5. Nb3 Bb6 6. d3 Qf6 7. O-O Bf5 8. Nc3
Ne7 9. dxe4 dxe4 10. Nxe4 Bxe4 11. Bxe4 Nbc6 12. c3 Rd8 13. Qc2 Ng6 14. h4 h6
15. Bxg6 fxg6 16. Qe4+ Ne7 17. Be3 O-O 18. Bd4 Qf7 19. Bxb6 axb6 20. Nd4 Rd6
21. Qxb7 Nd5 22. e4 Nf4 23. e5 Rxd4 24. cxd4 Nh3+ 25. Kh2 Qf5 26. f4 g5 27.
fxg5 Nf2 28. gxh6 g5 29. Qg2 g4 30. Rae1 Qc2 31. e6 1-0

[Event "Køge Bugt Forår 2010"]
[Site "Solrød Skakklub"]
[Date "2010.05.19"]
[Round "6.3"]
[White "Hansen, Erik Levin"]
[Black "Larsen, Bo Heine"]
[Result "1/2-1/2"]
[WhiteElo "1617"]
[BlackElo "1649"]
[PlyCount "41"]
[EventDate "2010.??.??"]
[WhiteTeam "Haslev Skakklub"]
[BlackTeam "Haslev Skakklub"]

1. e4 g6 2. d4 Bg7 3. c3 c6 4. Bd3 d6 5. h3 Nd7 6. f4 e6 7. Nf3 Qc7 8. Be3 b6
9. Nbd2 Bb7 10. Qe2 Ne7 11. O-O d5 12. e5 c5 13. Kh1 Nf5 14. Qf2 Bf8 15. Rg1 h5
16. Nh4 Nxh4 17. Qxh4 Be7 18. Qf2 Bc6 19. h4 Qd8 20. g3 Qc7 21. Kh2 1/2-1/2

[Event "Køge Bugt Forår 2010"]
[Site "Solrød Skakklub"]
[Date "2010.05.19"]
[Round "6.4"]
[White "Krag-Jacobsen, Alan"]
[Black "Nielsen, Kai Gylling"]
[Result "1-0"]
[WhiteElo "1421"]
[BlackElo "1725"]
[PlyCount "87"]
[EventDate "2010.??.??"]
[WhiteTeam "Solrød Skakklub"]
[BlackTeam "Roskilde Skakklub"]

1. e4 c5 2. c3 d5 3. exd5 Qxd5 4. d4 cxd4 5. Qxd4 Qxd4 6. cxd4 Nc6 7. Bb5 Bd7
8. Nf3 Nf6 9. Nc3 a6 10. Be2 e6 11. a3 h6 12. Bf4 g5 13. Be3 Bd6 14. h3 b5 15.
O-O Ke7 16. Rfd1 Nd5 17. Rac1 f5 18. Nxd5+ exd5 19. Ne5 Bxe5 20. dxe5 Ke6 21.
Bf3 Ne7 22. Bc5 Rh7 23. Bxe7 Kxe7 24. Rxd5 Ke6 25. Rxd7 Rxd7 26. Bxa8 Rd2 27.
Rc6+ Kxe5 28. b4 h5 29. f3 g4 30. hxg4 hxg4 31. fxg4 fxg4 32. Rxa6 g3 33. Kf1
Rf2+ 34. Ke1 Ra2 35. Bf3 Kd4 36. Rd6+ Ke3 37. Re6+ Kd4 38. Rg6 Ke3 39. Rxg3 Kd4
40. Bc6 Ra1+ 41. Kf2 Ra2+ 42. Kg1 Kc4 43. Rg4+ Kb3 44. Bd5+ 1-0

[Event "Køge Bugt Forår 2010"]
[Site "Solrød Skakklub"]
[Date "2010.05.19"]
[Round "6.5"]
[White "Forsmann, Henning"]
[Black "Jørgensen, Leif"]
[Result "0-1"]
[WhiteElo "1624"]
[BlackElo "1454"]
[PlyCount "126"]
[EventDate "2010.??.??"]
[WhiteTeam "Solrød Skakklub"]
[BlackTeam "Solrød Skakklub"]

1. d4 g6 2. e4 Bg7 3. c3 d5 4. e5 c5 5. Ne2 Nc6 6. g3 Bg4 7. Bg2 e6 8. f3 Bf5
9. Na3 g5 10. O-O cxd4 11. cxd4 Qb6 12. Kh1 h6 13. g4 Bg6 14. f4 gxf4 15. Nxf4
Qxd4 16. Qb3 Qb6 17. Qa4 Qb4 18. Qd1 Nge7 19. Nh5 Bxe5 20. Nf6+ Bxf6 21. Rxf6
Qd4 22. Qf1 Nf5 23. Rxg6 Ng3+ 24. hxg3 fxg6 25. Qe2 Kd7 26. Be3 Qe5 27. Re1 g5
28. b4 a6 29. Qd2 h5 30. Bxg5 hxg4+ 31. Kg1 Qd4+ 32. Qxd4 Nxd4 33. Bh1 Nf3+ 34.
Bxf3 gxf3 35. Bh4 Raf8 36. Kf2 Rf5 37. Nc2 Rhf8 38. Nd4 Rh5 39. Nxe6 Rc8 40.
Nc5+ Kc6 41. Kxf3 Kb5 42. Kg4 Rh7 43. a3 b6 44. Nd3 Rc4+ 45. Kg5 Rc3 46. Nf4
Kc4 47. Kg6 Rd7 48. g4 d4 49. Bf6 Rxa3 50. Rd1 d3 51. Kf5 d2 52. g5 Kb3 53. g6
Kc2 54. g7 Rxg7 55. Rxd2+ Kxd2 56. Bxg7 Rb3 57. Nd5 Rf3+ 58. Ke6 b5 59. Kd6 Rf7
60. Bc3+ Kd3 61. Kc5 Rf5 62. Kc6 Rxd5 63. Kxd5 Kxc3 0-1

[Event "Køge Bugt Forår 2010"]
[Site "Solrød Skakklub"]
[Date "2010.05.19"]
[Round "6.6"]
[White "Larsen, Poul M"]
[Black "Sørensen, Aron Frank"]
[Result "1/2-1/2"]
[WhiteElo "1358"]
[BlackElo "1629"]
[PlyCount "51"]
[EventDate "2010.??.??"]
[WhiteTeam "Haslev Skakklub"]
[BlackTeam "Solrød Skakklub"]

1. d4 d5 2. c4 c6 3. Nc3 Nf6 4. Nf3 dxc4 5. e3 b5 6. a4 b4 7. Na2 e6 8. Bxc4
Bb7 9. O-O Nbd7 10. Bd2 a5 11. b3 c5 12. Rc1 Rc8 13. Bd3 Be7 14. Qe2 Ne4 15.
Ba6 Bxa6 16. Qxa6 O-O 17. Qd3 Ndf6 18. Rfd1 Qb6 19. Ne5 cxd4 20. Nc4 Qa7 21.
exd4 Nxd2 22. Nxd2 Nd5 23. Rxc8 Rxc8 24. Nc4 Bf6 25. g3 Rd8 26. Ne5 1/2-1/2